Poesías del doctor D. Juan de Salinas y Castro. (Record no. 164453)

MARC details
000 -LEADER
campo de control de longitud fija 00721nam a22002055i 4500
001 - NÚMERO DE CONTROL
campo de control 164453
003 - IDENTIFICADOR DE NÚMERO DE CONTROL
campo de control ES-MaACL
005 - FECHA Y HORA DE LA ÚLTIMA TRANSACCIÓN
campo de control 20251207063033.0
008 - DATOS DE LONGITUD FIJA--INFORMACIÓN GENERAL
campo de control de longitud fija 990917s1869 sp |||| | spa d
040 ## - FUENTE DE CATALOGACIÓN
Centro catalogador/agencia de origen CCPB | B
Lengua de catalogación spa
Centro/agencia transcriptor CCPB | B
100 1# - ENTRADA PRINCIPAL--NOMBRE DE PERSONA
Nombre de persona Salinas, Juan de,
Fechas asociadas al nombre 1562-1643
9 (RLIN) 132336
245 10 - MENCIÓN DEL TÍTULO
Título Poesías del doctor D. Juan de Salinas y Castro.
260 ## - PUBLICACIÓN, DISTRIBUCIÓN, ETC.
Lugar de publicación, distribución, etc. Sevilla :
Nombre del editor, distribuidor, etc. [s.n.],
Fecha de publicación, distribución, etc. 1869 (
Fabricante Imp. que fué de D. José María Geofrin)
300 ## - DESCRIPCIÓN FÍSICA
Extensión 2 v. (XXXVII, 329 ; 338 p.) ;
Dimensiones 17 cm.
490 1# - MENCIÓN DE SERIE
Mención de serie Sociedad de Bibliófilos Andaluces
752 ## - ENTRADA AGREGADA--NOMBRE JERÁRQUICO DEL LUGAR
País o entidad superior España -
Ciudad Sevilla
830 0# - PUNTO DE ACCESO ADICIONAL DE SERIE-TÍTULO UNIFORME
Título uniforme Sociedad de Bibliófilos Andaluces
9 (RLIN) 188169
852 ## - LOCALIZACIÓN
Ubicación ES-MaACL
Número de control de estantería B-5539-5540
Nota libre -- Enc. hol.
Holdings
Estatus retirado Estado de pérdida Estado de daño No para préstamo Colección Biblioteca de origen Biblioteca actual Ubicación en estantería Fecha de adquisición Fuente de adquisición Total de préstamos Signatura topográfica completa Código de barras Visto por última vez Precio de reemplazo Tipo de ítem Koha
        Libros del s. XIX Biblioteca del Ateneo de Madrid Biblioteca del Ateneo de Madrid Sala Pardo Bazán 17/01/2008     B-5539-5540 1172380 23/02/2023 23/02/2023 Libro impreso antiguo